000
00228 a2200109 4500
001
125170
040
_c
Escola Canadense de Niteroi
090
_a
C5
100
_a
Lalau
245
1
0
_a
Uma Cor, Duas Cores, Todas Elas
942
_c
BK
999
_c
125170
_d
125170